GANDHI THE WRITER (Record no. 193642)

MARC details
000 -LEADER
fixed length control field 00386nam a22001457a 4500
008 - FIXED-LENGTH DATA ELEMENTS--GENERAL INFORMATION
fixed length control field 221107b ||||| |||| 00| 0 eng d
082 ## - DEWEY DECIMAL CLASSIFICATION NUMBER
Classification number 921-BHA
100 ## - MAIN ENTRY--PERSONAL NAME
Personal name BHATTACHARYA,BHABANI
245 ## - TITLE STATEMENT
Title GANDHI THE WRITER
Medium ENGLISH
260 ## - PUBLICATION, DISTRIBUTION, ETC. (IMPRINT)
Place of publication, distribution, etc NEW DELHI
Name of publisher, distributor, etc A.I.C.B
Date of publication, distribution, etc ROHINI
270 ## - ADDRESS
Address A.I.C.B ,ROHINI NEW DELHI
300 ## - PHYSICAL DESCRIPTION
Extent .
Other physical details .
Dimensions 12X13
490 ## - SERIES STATEMENT
Volume number/sequential designation 1-5
942 ## - ADDED ENTRY ELEMENTS (KOHA)
Source of classification or shelving scheme Dewey Decimal Classification
Item type Braille-Books-English
Call number prefix 921
Call number suffix BHA
Holdings
Withdrawn status Lost status Not for loan Home library Current library Date acquired Source of acquisition Cost, normal purchase price Full call number Barcode Koha item type
      Braille-Library Braille-Library 07/11/2022 Braille library 10.00 921-BHA BR-003775 Braille-Books-English
      Braille-Library Braille-Library 07/11/2022 Braille library 10.00 921-BHA BR-003776 Braille-Books-English
      Braille-Library Braille-Library 07/11/2022 Braille library 10.00 921-BHA BR-003777 Braille-Books-English
      Braille-Library Braille-Library 07/11/2022 Braille library 10.00 921-BHA BR-003778 Braille-Books-English
      Braille-Library Braille-Library 07/11/2022 Braille library 10.00 921-BHA BR-003779 Braille-Books-English

© Delhi Public Library
Hit Counter
free hit counter